| 000 | 01348nam a2200349 i 4500 | ||
|---|---|---|---|
| 001 | 179904 | ||
| 003 | ES-MaACL | ||
| 005 | 20250805005729.0 | ||
| 008 | 120222s2007 sp |||| | spa d | ||
| 020 | _a978-84-95576-80-4 | ||
| 080 | _a821.134.2-23"19" | ||
| 100 | 1 |
_aHernández, Rodolfo. _962864 |
|
| 245 | 1 | 0 |
_aTal vez un prodigio / _cde Rodolfo Hernández _b. Azabache : (las luces y los gritos) / de Marcial Suárez. Las tres hogueras / de Juan Antonio de Laiglesia ; edición de Blanca Baltés. |
| 246 | 3 | _aPremios Lope de Vega, 1970-1971 | |
| 260 |
_aMadrid : _bAsociación de Directores de Escena de España, _c[2007] |
||
| 300 |
_a329 p. ; _c22 cm. |
||
| 490 | 1 | _aPublicaciones de la ADE | |
| 490 | 1 |
_aPremios Lope de Vega ; _v11 |
|
| 504 | _aBibliografía: p. 63-71. | ||
| 700 | 1 |
_aSuárez, Marcial. _9108573 |
|
| 700 | 1 |
_aLaiglesia, Juan Antonio de. _9146981 |
|
| 700 | 1 |
_aBaltés, Blanca. _9149431 |
|
| 710 | 2 |
_aAsociación de Directores de Escena. _9159413 |
|
| 740 | 0 | _aAzabache (las luces y los gritos) | |
| 740 | 4 | _aLas tres hogueras. | |
| 830 | 0 |
_aPublicaciones de la ADE _9191140 |
|
| 830 | 0 | 0 |
_aPremios Lope de Vega _v11 _9189480 |
| 852 |
_aES-MaACL _9186806 _bR.148521 _jA-11983 _dOlim: N-4988 _cDEPO1 |
||
| 942 |
_2udc _cMONOGRAFIA |
||
| 999 |
_c179904 _d179904 |
||